Debates in primary education /

Bibliographic Details
Corporate Author: Taylor & Francis
Other Authors: Bower, Virginia (Editor)
Format: eBook
Language:English
Published: Abingdon, Oxon ; New York, NY : Routledge, 2021.
Series:Debates in subject teaching series.
Subjects:
Online Access:Connect to the full text of this electronic book

MARC

Tag First Indicator Second Indicator Subfields
LEADER 00000cam a2200000 i 4500
001 in00004343721
005 20210422111000.0
006 m o d
007 cr cnu---unuuu
008 200511t20212021enka ob 001 0 eng
010 |a  2020019623 
020 |a 9781003091028  |q electronic book 
020 |a 1003091024  |q electronic book 
020 |z 9780367548841  |q hardcover 
020 |z 9780367548865  |q paperback 
024 8 |a 40030249145 
035 |a (DLC)ybp16754226 
040 |a NhCcYBP  |c NhCcYBP  |d UtOrBLW 
042 |a pcc 
050 4 |a LB1513  |b .D43 2021 
082 0 0 |a 372  |2 23 
245 0 0 |a Debates in primary education /  |c edited by Virginia Bower. 
264 1 |a Abingdon, Oxon ;  |a New York, NY :  |b Routledge,  |c 2021. 
264 4 |c ©2021 
300 |a 1 online resource. 
336 |a text  |b txt  |2 rdacontent 
337 |a computer  |b c  |2 rdamedia 
338 |a online resource  |b cr  |2 rdacarrier 
490 1 |a Debates in subject teaching 
504 |a Includes bibliographical references and index. 
588 |a Description based on online resource; title from digital title page (viewed on November 17, 2020). 
500 |a Electronic resource. 
650 0 |a Education, Primary  |x Aims and objectives.  |0 http://id.loc.gov/authorities/subjects/sh85041079 
650 0 |a Primary school teachers  |x Training of. 
650 0 |a Primary school teachers  |x In-service training. 
655 7 |a Electronic books.  |2 local 
700 1 |a Bower, Virginia,  |e editor.  |0 http://id.loc.gov/authorities/names/n2010083346 
710 2 |a Taylor & Francis.  |0 http://id.loc.gov/authorities/names/n84073022 
776 1 8 |i Print version:  |t Debates in primary education  |d Abingdon, Oxon ; New York, NY : Routledge, 2021.  |z 9780367548841  |w (DLC) 2020019622 
830 0 |a Debates in subject teaching series.  |0 http://id.loc.gov/authorities/names/no2011075770 
856 4 0 |u http://proxy.library.tamu.edu/login?url=https://www.taylorfrancis.com/books/9781003091028  |z Connect to the full text of this electronic book  |t 0 
945 |b 707340 
955 |a YBP purchased approval e-records 
980 |b 175.00  |g 1 
999 f f |s f5f33dca-eeb1-3f82-b5d9-c423a54ae884  |i f45b6d14-151a-3c40-a6af-3fc7d5d34cc8  |t 0 
952 f f |a Texas A&M University  |b College Station  |c Electronic Resources  |d Available Online  |t 0  |e LB1513 .D43 2021  |h Library of Congress classification 
998 f f |a LB1513 .D43 2021  |t 0  |l Available Online